000 00524nam a2200193Ia 4500
008 131103s9999 xx 000 0 und d
040 _aLoreto College
041 _aEnglish
082 _a372/BRU
_bLCBED/566
100 _aBruner, Jerome S.
245 4 _aThe process of education
_cJerome S. Bruner
260 _aCambridge
_bHarvard University Press
_c1969
300 _axvi,97
_c 18cm.
504 _aIncludes index
650 _aEducation
651 _aElementary education
850 _aLCBED/372/BRU
942 _cBK
999 _c26246
_d76725